banner koha

Composição química do óleo essencial e avaliação da atividade antimicrobiana do óleo essencial, extrato etanólico bruto e frações das folhas de Spiranthera odoratissima A. St.-Hil. (Registro n. 299081)

MARC details
000 -LÍDER
fixed length control field 04639nas a2200301 i 4500
003 - CÓDIGO MARC DA AGÊNCIA CATALOGADORA
Campo de controle BR-BrBNA
005 - DATA E HORA DA ÚLTIMA ATUALIZAÇÃO
Campo de controle 20240405132855.0
008 - CAMPO DE TAMANHO FIXO
fixed length control field 240405b2013 bl.qr|pooa||| 00| 0 por |
040 ## - FONTE DA CATALOGAÇÃO
Agência catalogadora BR-BrBNA
Idioma da catalogação por
072 ## - CATEGORIA AGRIS
Código AGRIS F60
100 ## - ENTRADA PRINCIPAL - NOME PESSOAL
Nome pessoal Chaibub, B.A.
100 ## - ENTRADA PRINCIPAL - NOME PESSOAL
Nome pessoal Oliveira, T.B.
100 ## - ENTRADA PRINCIPAL - NOME PESSOAL
Nome pessoal Fiuza, T.S.
100 ## - ENTRADA PRINCIPAL - NOME PESSOAL
Nome pessoal Bara, M.T.F.
100 ## - ENTRADA PRINCIPAL - NOME PESSOAL
Nome pessoal Tresvenzol, L.M.F.
100 ## - ENTRADA PRINCIPAL - NOME PESSOAL
Nome pessoal Paula, J.R.
245 ## - TÍTULO PRINCIPAL
Título principal Composição química do óleo essencial e avaliação da atividade antimicrobiana do óleo essencial, extrato etanólico bruto e frações das folhas de Spiranthera odoratissima A. St.-Hil.
500 ## - NOTA GERAL
Nota geral Publicação on-line; 22 ref.; 2 tables; Summaries (En, Pt)
942 ## - ADDED ENTRY ELEMENTS (KOHA)
Koha item type
520 ## - NOTA DE RESUMO
Nota de conteúdo <br/><br/>RESUMO: <br/><br/>A Spiranthera odoratissima A. St.-Hil (manacá) é utilizada popularmente como<br/>depurativo do sangue, nas afecções renais e hepáticas (chá das folhas) para dores musculares,<br/>de estômago, de cabeça, e disfunções hepáticas (chá das raízes). O objetivo desse trabalho foi<br/>avaliar a composição química do óleo essencial e a atividade antimicrobiana do óleo essencial,<br/>do extrato etanólico bruto e frações obtidos das folhas de S. odoratissima contra bactérias Gram<br/>positivas e negativas, e Candida albicans. O extrato bruto das folhas foi obtido por maceração<br/>seguido de concentração em rotaevaporador e as frações por partição em coluna filtrante. O pó<br/>das folhas foi submetido à hidrodestilação em aparelho de Clevenger e o óleo essencial obtido<br/>foi analisado por CG/EM. A atividade antimicrobiana foi avaliada pelo método da diluição em ágar<br/>para determinar a concentração inibitória mínima (CIM). Os constituintes majoritários do óleo<br/>essencial foram β-cariofileno (20,64%), γ-muuroleno (17,70%), biciclogermacreno (14,73%), e<br/>δ-cadineno (13,40%). No estudo da atividade antimicrobiana de S. odoratissima, os principais<br/>resultados foram obtidos contra Staphylococus epidermidis (extrato etanólico bruto, CIM de 0,098<br/>mg/mL), C. albicans (fração hexano, CIM de 0,049 mg/mL), Bacillus cereus (diclorometano,<br/>CIM de 0,098 mg/mL), Micrococcus roseus (fração acetato de etila, CIM 0,049 mg/mL), e M.<br/>roseus, Micrococus luteus, B. cereus e C. albicans (fração metanol, CIM de 0,391 mg/mL).<br/><br/>Palavras-chave: plantas medicinais, manacá, Rutaceae, Cerrado, β-cariofileno.
520 ## - NOTA DE RESUMO
Nota de conteúdo <br/><br/>ABSTRACT: <br/><br/>Chemical composition of the essential oil and evaluation of the antimicrobial<br/>activity of essential oil, crude ethanol extract and fractions of Spiranthera odoratissima<br/>A. St.-Hil. leaves. Spiranthera odoratissima (“manacá”) has been popularly used as a blood<br/>cleanser, for liver and kidney diseases (tea from the leaves), as well as for muscle and stomach<br/>pains, headache and liver disorders (tea from the roots). The aim of this study was to evaluate<br/>the chemical composition of the essential oil and the antimicrobial activity of essential oil, crude<br/>ethanol extract and fractions of S. odoratissima leaves against Gram-positive and negative<br/>bacteria and Candida albicans. The crude extract of the leaves was obtained by maceration<br/>and was concentrated in a rotavapor, while the fractions were obtained by partition on column<br/>filter. The powdered leaves underwent hydrodistillation in a Clevenger apparatus and the<br/>obtained essential oil was analyzed by GC/MS. The antimicrobial activity was evaluated by<br/>using the agar dilution method for determining the minimum inhibitory concentration (MIC). The<br/>major constituents of the essential oil were β-caryophyllene (20.64%), γ-muurolene (17.70%),<br/>bicyclogermacrene (14.73%) and δ-cadinene (13.40%). The main results for S. odoratissima<br/>antimicrobial activity were found against Staphylococcus epidermidis (crude ethanol extract,<br/>MIC of 0.098 mg/mL), C. albicans (hexane fraction, MIC of 0.049 mg/mL), Bacillus cereus<br/>(dichloromethane fraction, MIC of 0.098 mg/mL), Micrococcus roseus (ethyl acetate fraction,<br/>MIC of 0.049 mg/mL) and M. roseus, Micrococcus luteus, B. cereus and C. albicans (methanol<br/>fraction, MIC of 0.391 mg/mL).<br/><br/>Key words: medicinal plants, “manacá”, Rutaceae, Cerrado, β-caryophyllene
650 ## - ASSUNTO - THESAGRO
Cabeçalho tópico ou nome geográfico PLANTA MEDICINAL
650 ## - ASSUNTO - THESAGRO
Cabeçalho tópico ou nome geográfico RUTACEAE
650 ## - ASSUNTO - THESAGRO
Cabeçalho tópico ou nome geográfico CERRADO
773 0# - ENTRADA ANALÍTICA
Host Biblionumber 3543
Registro do item 314233
Imprenta Botucatu-SP Instituto de Biociências - Departamento de Química e Bioquímica 1998
Outro identificador 2024-0490
Título Revista Brasileira de Plantas Medicinais (Brazil)
ISSN 1516-0572
Colação v. 15(2) p. 225-229; (2013)
Número de controle de registro BR2024000444
856 ## - ACESSO E ENDEREÇO ELETRÔNICO
Identificador uniforme de recurso - URI https://www.scielo.br/j/rbpm/a/RLsXJbb9qFZ55HGrJ9tP4yG/?format=pdf&lang=pt

Nenhum exemplar disponível.

BINAGRI

Telefone: (61)3218-2567/2388/3357/2097 - binagri@agro.gov.br

Ministério da Agricultura e Pecuária , Esplanada dos Ministérios, Bloco D, Anexo B, Brasília/DF, CEP: 70.043-900